đŸŽ¶ Paroles "La ballade du cheval mallet" Tri Yann - Statistiques

Statistiques générales
  • Ce quiz a Ă©tĂ© pris 11 fois
  • Le rĂ©sultat moyen est 78 sur 154
Statistiques - réponses
Mots % Correct
cheval
100%
Cheval
100%
d'
100%
de
100%
des
100%
du
100%
je
100%
la
100%
(La lalala....)
100%
Les
100%
t'
100%
Ă 
83%
au-
83%
au
83%
ces
83%
et
83%
mai
83%
Pour
83%
qui
83%
te
83%
Tu
83%
Dans
67%
dessus
67%
nuit
67%
un
67%
crois
50%
fĂȘte,
50%
filles
50%
toi
50%
argent,
33%
attend
33%
autre
33%
bois,
33%
carton,
33%
chansons
33%
folies,
33%
matin
33%
matins
33%
papier,
33%
printemps
33%
sous
33%
souviens,
33%
amour,
17%
ardent,
17%
arrachée
17%
Brume
17%
carcasse
17%
cendre
17%
chiffons
17%
chiffons,
17%
couvraient
17%
CriniĂšre
17%
Danses
17%
déchirée
17%
destrier
17%
Dort
17%
éclatée
17%
évasions
17%
Eveille-
17%
flamboyant
17%
grise
17%
légÚre
17%
maintenant
17%
marais
17%
mariés
17%
mille
17%
nouveau
17%
Parfum
17%
passé
17%
Petit
17%
porcelaine
17%
regrets
17%
RelĂšve-
17%
Renais
17%
robe
17%
Robe
17%
rubans
17%
saisons
17%
secrets
17%
siĂšcle
17%
siĂšcles
17%
souvenirs
17%
tambours
17%
Teint
17%
tignasse
17%
triomphant
17%
vient
17%
vitrine,
17%
chagrins
0%
écaillée
0%
embués
0%
paĂŻennes,
0%
peinture
0%
sanguine
0%
Aucun quiz correspondant
Distribution des résultats
% des personnes avec chaque résultat
Percentile par nombre de réponses
Votre historique - résultats
Vous n’avez pas pris ce quiz